Music Quiz

Random Music or Role Quiz

The Hives Members Quiz Stats

 Plays Quiz not verified by Sporcle

Also try: Albums (A-Z)
Challenge
Share
Tweet
Embed
Score 0/6 Timer 01:00
0 Plays Today
Role Member % Correct
VocalsHowlin' Pelle Almqvist
98.2%
BassDr. Matt Destruction
75.4%
DrumsChris Dangerous
75.4%
Guitar, KeyboardNicholaus Arson
73.7%
GuitarVigilante Carlstroem
64.9%
Songwriter/Manager?Randy Fitzsimmons
56.1%

You're not logged in!

Compare scores with friends on all Sporcle quizzes.
OR
Log In

You Might Also Like...

Show Comments

Extras

Created Apr 13, 2011ReportNominate
Tags:Role Quiz, hive

Top Quizzes Today


Score Distribution

Your Account Isn't Verified!

In order to create a playlist on Sporcle, you need to verify the email address you used during registration. Go to your Sporcle Settings to finish the process.

Report this User

Report this user for behavior that violates our Community Guidelines.

Details: